Vampire Diaries Universe Deaths - Statistics

General Stats
  • This quiz has been taken 1,221 times
    1,167 since last reset
  • The average score is 39 of 95
Answer Stats
Season of Death Show Killer Answer % Correct
Season 5 The Vampire Diaries Julian / Tyler Stefan Salvatore*
81%
Season 8 The Vampire Diaries Katherine Pierce Stefan Salvatore
81%
Season 3 The Vampire Diaries Rebekah Mikaelson Elena Gilbert*
80%
Season 5 The Vampire Diaries Magic Barrier Elena Gilbert*
80%
Season 4 The Vampire Diaries Herself Bonnie Bennet*
78%
Season 5 The Vampire Diaries Victim of Circumstance Bonnie Bennet*
78%
Season 5 The Vampire Diaries Stefan Salvatore Katherine Pierce
77%
Season 8 The Vampire Diaries Stefan Salvatore Katherine Pierce
77%
Season 5 The Vampire Diaries Magic Barrier Damon Salvatore*
74%
Season 2 The Vampire Diaries Niklaus Mikaelson Jenna Sommers
74%
Season 4 The Vampire Diaries Silas Jeremy Gilbert*
74%
Season 6 The Vampire Diaries Kai Parker Jo Parker
72%
Season 1 Legacies Hope Mikaelson Jo Parker
72%
Season 1 The Vampire Diaries Stefan Salvatore Vicki Donovan
72%
Season 5 The Originals Themselves Klaus Mikaelson
71%
Season 4 The Originals The Hollow Elijah Mikaelson*
70%
Season 5 The Originals Themselves Elijah Mikaelson
70%
Season 5 The Vampire Diaries Himself Tyler Lockwood*
68%
Season 8 The Vampire Diaries Damon Salvatore Tyler Lockwood
68%
Season 3 The Vampire Diaries Elena Gilbert Alaric Saltzman*
66%
Season 6 The Vampire Diaries Cancer Liz Forbes
66%
Season 4 The Vampire Diaries Jeremy Gilbert Kol Mikaelson*
65%
Season 2 The Originals Finn Mikaelson Kol Mikaelson
65%
Season 5 The Vampire Diaries Stefan Salvatore Enzo St. John*
64%
Season 8 The Vampire Diaries Stefan Salvatore Enzo St. John
64%
Season 3 The Vampire Diaries Matt Donovan Finn Mikaelson*
61%
Season 3 The Originals Lucien Castle Finn Mikaelson
61%
Season 2 The Originals Elijah Mikaelson Finn Mikaeslon
61%
Season 1 The Vampire Diaries Damon Salvatore Lexi Branson
61%
Season 6 The Vampire Diaries Damon Salvatore Kai Parker*
58%
Season 2 Legacies Alaric Saltzman Kai Parker
58%
Season 1 The Vampire Diaries The Council Anna
56%
Season 5 The Originals Sunlight Hayley Marshall
55%
Season 2 The Vampire Diaries Himself John Gilbert
53%
Season 5 The Vampire Diaries Stefan Salvatore Silas
49%
Season 3 The Vampire Diaries Niklaus Mikaelson Mikael*
48%
Season 2 The Originals Klaus Mikaelson Mikael Mikaelson
48%
Season 1 The Vampire Diaries Over-use of Magic Grams
47%
Season 6 The Vampire Diaries Kai Parker Luke Parker
46%
Season 3 The Vampire Diaries Klaus Mikaelson Esther Mikaelson
44%
Season 2 The Originals Freya Mikaelson Esther Mikaelson
44%
Season 1 The Vampire Diaries Various Vampires Pearl
44%
Season 1 Legacies Malivore Hope Mikaelson
43%
Season 7 The Vampire Diaries Herself Lily Salvatore
42%
Season 2 The Vampire Diaries Damon Salvatore Rose
40%
Season 8 The Vampire Diaries Arcadius Sybil
40%
Season 5 The Vampire Diaries Herself Amara
39%
Season 7 The Vampire Diaries Herself Nora
38%
Season 6 The Vampire Diaries Kai Parker Lizzie Parker
35%
Season 2 Legacies The Merge Ceremony Lizzie Saltzman
35%
Season 3 The Originals Elijah Mikaelson Marcel Gerard*
35%
Season 7 The Vampire Diaries Herself Mary-Louise
35%
Season 4 The Originals Dominic Freya Mikaelson*
34%
Season 1 The Originals Sophie Devareux Davina Claire*
33%
Season 3 The Originals Kol Mikaelson Davina Claire
33%
Season 5 The Vampire Diaries Tyler Lockwood Nadia Petrova
33%
Season 7 The Vampire Diaries Stefan Salvatore Julian
32%
Season 3 The Originals Klaus Mikaelson Lucian Castle
32%
Season 7 The Vampire Diaries Herself Rayna Cruz
32%
Season 3 The Originals Aya Rayna Cruz*
32%
Season 2 The Vampire Diaries Niklaus Mikaelson Jules
30%
Season 8 The Vampire Diaries Arcadius Seline
29%
Season 1 The Originals Monique Devareux Sophie Devareux
29%
Season 4 The Vampire Diaries Klaus Mikaelson Carol Lockwood
27%
Season 2 The Originals Klaus Mikaelson Dahlia Mikaelson
27%
Season 3 The Originals Lucien Castle Camille O'connell
25%
Season 3 The Originals Klaus & Elijah Tristan de Martel*
25%
Season 4 The Originals Elijah Mikaelson Tristan de Martel
25%
Season 1 The Originals Agnes Monique Devareux*
24%
Season 7 The Vampire Diaries Rayna Cruz Beau
23%
Season 8 The Vampire Diaries Stefan Salvatore Arcadius
21%
Season 3 The Originals Herself Aurora de Martel
21%
Season 4 The Vampire Diaries Silas Atticus Shane
18%
Season 3 The Originals Tristan de Martel Jackson Kenner
18%
Season 1 Legacies Milton Greasley Landon Kirby
18%
Season 2 Legacies Lizzie Saltzman Landon Kirby*
18%
Season 5 The Vampire Diaries Damon Salvatore Wes Maxfield
18%
Season 2 Legacies The Necromancer Chad*
17%
Season 4 The Originals Hayley Marshall-Kenner The Hollow*
17%
Season 5 The Originals Klaus and Elijah Mikaelson The Hollow
17%
Season 4 The Originals Elijah Mikaelson Dominic
16%
Season 5 The Originals Unknown Joshua Rosza
16%
Season 2 The Originals Dahlia Mikaelson Aiden
12%
Season 7 The Vampire Diaries Damon Salvatore Malcolm
11%
Season 2 The Originals Klaus Mikaelson Gia
10%
Season 2 Legacies Destruction of Prison World Sebastian
10%
Season 1 The Originals Mikael Diego
9%
Season 2 Legacies Chad Raphael Waithe
9%
Season 1 The Originals Elijah Mikaelson Thierry
9%
Season 1 The Originals Elijah Mikaelson Celeste Dubious
8%
Season 2 Legacies Kai Parker Jade*
8%
Season 1 Legacies Malivore Ryan Clarke
8%
Season 6 The Vampire Diaries Enzo St. John Tripp Cooke
8%
Season 5 The Vampire Diaries Damon Salvatore Erin Whitmore
7%
Season 1 The Originals Klaus Mikaelson Father Kieran
7%
No matching quizzes found
Score Distribution
Percent of People with Each Score
Percentile by Number Answered
Your Score History
You have not taken this quiz since the last reset